Quick Pick: Muggle Hunt Quiz Stats

 Plays Quiz Updated Jul 31, 2018

Challenge
Share
Tweet
Embed
Score 0/10 Timer 01:00
7 Plays Today
% Correct
Petunia Dursley
80.5%
Marjorie Dursley
80.2%
Frank Bryce
73.6%
Amy Benson
71.5%
Dennis Bishop
68%
Herbert Chorley
59.8%
Tobias Snape
58.7%
Hetty Bayliss
58.3%
Mary Dorkins
53%
Piers Polkiss
52.1%

Today's Daily Dose

You're not logged in!

Compare scores with friends on all Sporcle quizzes.
Join for Free
OR
Log In

You Might Also Like...

Show Comments

Extras

Top Quizzes Today


Score Distribution

Your Account Isn't Verified!

In order to create a playlist on Sporcle, you need to verify the email address you used during registration. Go to your Sporcle Settings to finish the process.

Report this User

Report this user for behavior that violates our Community Guidelines.

Details: